[Event "Moravia-Silesia Region-chT 0708"]
[Site "Czech Republic"]
[Date "2008.03.09"]
[Round "9.5"]
[White "Kolar, Jaroslav"]
[Black "Port, Josef"]
[Result "1-0"]
[WhiteElo "1988"]
[BlackElo "2084"]
[PlyCount "29"]
[EventDate "2007.10.28"]
[EventType "team-tourn"]
[EventRounds "11"]
[EventCountry "CZE"]
[SourceTitle "EXT 2024"]
[Source "ChessBase"]
[SourceDate "2023.10.10"]
[SourceVersion "1"]
[SourceVersionDate "2023.10.10"]
[SourceQuality "1"]

1. c4 Nf6 2. Nc3 b6 3. Nf3 Bb7 4. d4 e6 5. g3 Be7 6. Bg2 0-0 7. 0-0 d5 8. Ne5 Nbd7 9. Qa4 Nxe5 10. dxe5 Ne8 11. cxd5 exd5 12. Rd1 c6 13. e4 Nc7 14. a3 dxe4 15. Rxd8 1-0

[Event "Moravia-Silesia Region-chT 0708"]
[Site "Czech Republic"]
[Date "2008.??.??"]
[Round "5.6"]
[White "Port, Josef"]
[Black "Juroszek, Radomil"]
[Result "1/2-1/2"]
[WhiteElo "2084"]
[BlackElo "1999"]
[PlyCount "119"]
[EventDate "2007.10.28"]
[EventType "team-tourn"]
[EventRounds "11"]
[EventCountry "CZE"]
[SourceTitle "EXT 2024"]
[Source "ChessBase"]
[SourceDate "2023.10.10"]
[SourceVersion "1"]
[SourceVersionDate "2023.10.10"]
[SourceQuality "1"]

1. e4 e6 2. d4 d5 3. e5 c5 4. Nc3 Nc6 5. Nf3 Qb6 6. Be3 cxd4 7. Bxd4 Nxd4 8. Nxd4 Bd7 9. Qd2 Bc5 10. Nb3 Bb4 11. a3 Bxc3 12. Qxc3 Ne7 13. Nd4 0-0 14. Bd3 Nc6 15. Nxc6 Bxc6 16. Qb4 Qc7 17. Qd4 f6 18. f4 fxe5 19. fxe5 Rf7 20. 0-0-0 b6 21. Rhf1 Raf8 22. Qh4 g6 23. Qd4 Rxf1 24. Rxf1 Rxf1+ 25. Bxf1 Qe7 26. h4 Qc5 27. c3 Qe7 28. Be2 Kg7 29. g3 h6 30. Kc2 Be8 31. Kd2 Qf8 32. Bg4 Qe7 33. Ke3 Bb5 34. Bh3 Bc4 35. Qg4 Qc5+ 36. Qd4 Qe7 37. Kd2 Bb5 38. a4 Bd7 39. a5 Qc5 40. Qf4 Qe7 41. Qf2 Qf8 42. Qe3 Qb8 43. axb6 Qxb6 44. Qxb6 axb6 45. Kd3 Kf7 46. c4 dxc4+ 47. Kxc4 Ke7 48. Bf1 Be8 49. Kb4 Kd8 50. Bc4 Bf7 51. Kb5 Kc7 52. Ka6 g5 53. b3 Kc6 54. Bb5+ Kc7 55. Bd3 Kc6 56. Bb5+ Kc7 57. Be2 Kc6 58. Bf3+ Kc7 59. b4 Be8 60. Be2 1/2-1/2

[Event "Ostrava Konik op-A"]
[Site "Ostrava"]
[Date "2007.??.??"]
[Round "8"]
[White "Port, Josef"]
[Black "Cupek, Martin"]
[Result "0-1"]
[WhiteElo "1965"]
[BlackElo "2060"]
[PlyCount "73"]
[EventDate "2007.05.??"]
[EventType "swiss"]
[EventRounds "9"]
[EventCountry "CZE"]
[SourceTitle "EXT 2010"]
[Source "ChessBase"]
[SourceDate "2010.11.25"]
[SourceVersion "1"]
[SourceVersionDate "2010.11.25"]
[SourceQuality "1"]

1. Nf3 c5 2. c4 Nf6 3. Nc3 d5 4. cxd5 Nxd5 5. g3 Nc6 6. Bg2 Nc7 7. 0-0 e5 8. d3 Be7 9. Be3 0-0 10. Rc1 Rb8 11. Nd2 Nd4 12. Nc4 Nf5 13. Bd2 f6 14. Na5 Qe8 15. Na4 Qb5 16. Re1 Bd7 17. b3 b6 18. Nc3 Qa6 19. Nd5 Nxd5 20. Bxd5+ Kh8 21. Nc4 Rbd8 22. Bc3 b5 23. Ne3 Nd4 24. Qd2 f5 25. Bg2 Be6 26. Qb2 c4 27. dxc4 Ba3 28. cxb5 Nxb5 29. Qa1 Bxc1 30. Rxc1 Nxc3 31. Rxc3 Qxe2 32. Rc7 Qb5 33. Rxa7 f4 34. gxf4 Rxf4 35. Re7 Rf6 36. Qc3 Qe2 37. Qxe5 0-1